[Event "Bois Colombes II-Evry Grand Roque II"]
[Site "Bois-Colombes"]
[Date "2008.01.19"]
[Round "5.1"]
[White "Toma, Michal"]
[Black "Brochet, Philippe"]
[Result "1-0"]
[WhiteElo "2206"]
[BlackElo "2389"]
[PlyCount "69"]
[EventDate "2008.01.19"]
[SourceDate "2007.10.25"]

1. e4 c5 2. Nc3 Nc6 3. g3 e6 4. Bg2 Nf6 5. d3 Be7 6. Nge2 Rb8 7. f4 d6 8. O-O
Qc7 9. h3 b5 10. Be3 b4 11. Nb1 d5 12. e5 Nd7 13. Nd2 f6 14. f5 fxe5 15. fxe6
Nf6 16. Rxf6 Bxf6 17. Bxd5 Nd8 18. Nf4 exf4 19. Bxf4 Qe7 20. Bxb8 Bxe6 21. Bxe6
Nxe6 22. Ne4 Bxb2 23. Rb1 Bd4+ 24. Kh2 h5 25. Bd6 Qf7 26. Qe2 Kd7 27. Rf1 Qg6
28. Qf3 h4 29. g4 Re8 30. Kh1 Ng5 31. Nxg5 Qxg5 32. Bf4 Qd8 33. Qd5+ Ke7 34.
Bd6+ Qxd6 35. Rf7+ 1-0

[Event "Bois Colombes II-Evry Grand Roque II"]
[Site "Bois-Colombes"]
[Date "2008.01.19"]
[Round "5.2"]
[White "Moussard, Jules"]
[Black "Debeaune, Robin"]
[Result "1-0"]
[WhiteElo "2241"]
[BlackElo "2228"]
[PlyCount "70"]
[EventDate "2008.01.19"]
[SourceDate "2007.10.25"]

1. e4 c5 2. Nf3 d6 3. d4 cxd4 4. Nxd4 Nf6 5. Nc3 g6 6. f4 Nc6 7. Nf3 Bg7 8. Bd3
O-O 9. O-O Qa5 10. Qe1 Qh5 11. h3 Nb4 12. a3 Nxd3 13. cxd3 Rd8 14. Be3 Qa5 15.
Qh4 Re8 16. e5 Nd7 17. d4 Nf8 18. b4 Qd8 19. Rac1 d5 20. g4 a6 21. Kh1 f5 22.
Qg3 e6 23. h4 Qe7 24. gxf5 gxf5 25. Rg1 Kh8 26. h5 h6 27. Rg2 Qf7 28. Qh2 Nd7
29. Rcg1 Rg8 30. Nh4 Kh7 31. Ng6 Nb6 32. Qh4 Bf8 33. Nxf8+ Rxf8 34. Rg6 Nd7 35.
Qg3 Qe8 1-0

[Event "Bois Colombes II-Evry Grand Roque II"]
[Site "Bois-Colombes"]
[Date "2008.01.19"]
[Round "5.3"]
[White "L'Henoret, Thierry"]
[Black "Betton, Olivier"]
[Result "1-0"]
[WhiteElo "2112"]
[BlackElo "2197"]
[PlyCount "59"]
[EventDate "2008.01.19"]
[SourceDate "2007.10.25"]

1. d4 Nf6 2. Nf3 e6 3. Nbd2 d5 4. e3 c5 5. c3 Nc6 6. Bd3 Bd6 7. O-O O-O 8. dxc5
Bxc5 9. e4 e5 10. Qe2 Qc7 11. exd5 Nxd5 12. Bxh7+ Kxh7 13. Qe4+ f5 14. Qxd5 Be7
15. Re1 Bf6 16. Nb3 b6 17. Bg5 e4 18. Nfd4 Ne5 19. Bxf6 Rxf6 20. Re3 Rh6 21.
Qxa8 Ng4 22. Rg3 e3 23. fxe3 Nxh2 24. Kf2 Bb7 25. Qf8 Ng4+ 26. Rxg4 fxg4 27.
Qf5+ Kg8 28. Qxg4 Qf7+ 29. Nf3 Rg6 30. Qf4 1-0

[Event "Bois Colombes II-Evry Grand Roque II"]
[Site "Bois-Colombes"]
[Date "2008.01.19"]
[Round "5.4"]
[White "Maisuradze, Nino"]
[Black "Frih, Ameur"]
[Result "1-0"]
[WhiteElo "2270"]
[BlackElo "2112"]
[PlyCount "61"]
[EventDate "2008.01.19"]
[SourceDate "2007.10.25"]

1. d4 Nf6 2. c4 e6 3. Nf3 b6 4. e3 Bb7 5. Be2 Be7 6. O-O O-O 7. Nbd2 d5 8. b3
dxc4 9. Nxc4 Nbd7 10. Bb2 c5 11. Rc1 cxd4 12. Nxd4 Qb8 13. Bf3 Rc8 14. Nb5 Bxf3
15. Qxf3 a6 16. Nd4 b5 17. Na5 Ne5 18. Rxc8+ Qxc8 19. Qg3 Nd3 20. Ndc6 Qe8 21.
Nxe7+ Qxe7 22. Nc6 Qf8 23. Bxf6 Kh8 24. Rd1 gxf6 25. Rxd3 Qa3 26. Qf3 Kg7 27.
h4 Rc8 28. Nd4 Qxa2 29. Kh2 Qb1 30. e4 Qc1 31. Nxe6+ 1-0

[Event "Bois Colombes II-Evry Grand Roque II"]
[Site "Bois-Colombes"]
[Date "2008.01.19"]
[Round "5.5"]
[White "Choisy, Mathilde"]
[Black "Guyard, Rodolphe"]
[Result "0-1"]
[WhiteElo "2102"]
[BlackElo "2115"]
[PlyCount "88"]
[EventDate "2008.01.19"]
[SourceDate "2007.10.25"]

1. e4 c5 2. b3 d6 3. Bb2 Nf6 4. Nc3 g6 5. f4 Bg7 6. Nf3 Nxe4 7. Bd3 Nxc3 8.
dxc3 Nc6 9. O-O e6 10. Qe1 O-O 11. Rd1 Ne7 12. Qd2 Qa5 13. a3 Rd8 14. Kh1 Bd7
15. Ng5 Bc6 16. Qe3 Qc7 17. Rde1 Nf5 18. Qh3 h6 19. Nf3 Ne7 20. Re2 Re8 21. Bc1
h5 22. Ng5 Nf5 23. Bd2 b5 24. Rfe1 Rab8 25. Ne4 c4 26. bxc4 bxc4 27. Bxc4 Bxe4
28. Rxe4 d5 29. Bxd5 Red8 30. Bxe6 fxe6 31. Bc1 Qxc3 32. Rxe6 Qxh3 33. gxh3 Kf7
34. Ra6 Rd7 35. Kg2 Rb6 36. Rxb6 axb6 37. c4 Rd4 38. Be3 Nxe3+ 39. Rxe3 Rxf4
40. Rb3 Bd4 41. a4 Bc5 42. Rb5 Rf2+ 43. Kg3 Ra2 44. Rb3 Rxa4 0-1

[Event "Bois Colombes II-Evry Grand Roque II"]
[Site "Bois-Colombes"]
[Date "2008.01.19"]
[Round "5.6"]
[White "Roumegous, Etienne"]
[Black "Plane, Boris"]
[Result "1-0"]
[WhiteElo "2097"]
[BlackElo "2120"]
[PlyCount "53"]
[EventDate "2008.01.19"]
[SourceDate "2007.10.25"]

1. d4 e5 2. d5 c5 3. Nc3 d6 4. Nf3 g6 5. g3 Bg7 6. Bg2 f5 7. e4 Nf6 8. O-O b5
9. exf5 b4 10. Nb1 gxf5 11. Bg5 O-O 12. Nxe5 Ba6 13. Re1 dxe5 14. d6 Nbd7 15.
a3 Qb6 16. Bxa8 Rxa8 17. Bxf6 Bxf6 18. Qd5+ Kg7 19. Qe6 Rd8 20. axb4 Bb7 21.
Nd2 Qc6 22. f3 cxb4 23. Qxf5 Qxd6 24. Rad1 Qc5+ 25. Kg2 Nf8 26. g4 Bc8 27.
Qxf6+ 1-0

[Event "Bois Colombes II-Evry Grand Roque II"]
[Site "Bois-Colombes"]
[Date "2008.01.19"]
[Round "5.7"]
[White "Stenel, Vincent"]
[Black "Neuhauser, Salome"]
[Result "1-0"]
[WhiteElo "2121"]
[BlackElo "1954"]
[PlyCount "83"]
[EventDate "2008.01.19"]
[SourceDate "2007.10.25"]

1. e4 c5 2. Nc3 Nc6 3. g3 g6 4. Bg2 Bg7 5. d3 e6 6. Nge2 Nge7 7. Be3 d6 8. Qd2
Nd4 9. O-O O-O 10. Rae1 Bd7 11. Nd1 Bc6 12. c3 Nxe2+ 13. Rxe2 b6 14. Bh6 d5 15.
Bxg7 Kxg7 16. e5 d4 17. c4 Qc7 18. Bxc6 Qxc6 19. Re4 Rae8 20. g4 Ng8 21. g5 h6
22. f4 hxg5 23. fxg5 Ne7 24. Nf2 Nf5 25. Ng4 Rh8 26. Nf6 Ref8 27. Rf3 Qa4 28.
b3 Qc6 29. Qf2 Qb7 30. h4 Rd8 31. Rh3 a6 32. Qh2 Qc8 33. h5 gxh5 34. Nxh5+ Kg6
35. Nf4+ Kg7 36. Nh5+ Kg6 37. Nf4+ Kg7 38. g6 fxg6 39. Qg2 Rxh3 40. Qxg6+ Kh8
41. Qf6+ Kh7 42. Qf7+ 1-0

[Event "Bois Colombes II-Evry Grand Roque II"]
[Site "Bois-Colombes"]
[Date "2008.01.19"]
[Round "5.8"]
[White "Forget, Cyril"]
[Black "Bernard, Vincent"]
[Result "0-1"]
[WhiteElo "1940"]
[BlackElo "2189"]
[PlyCount "76"]
[EventDate "2008.01.19"]
[SourceDate "2007.10.25"]

1. e4 c5 2. c3 Nf6 3. e5 Nd5 4. d4 cxd4 5. Nf3 Nc6 6. Bc4 Nb6 7. Bb3 g6 8. Bf4
Bg7 9. O-O O-O 10. cxd4 d6 11. exd6 exd6 12. h3 Na5 13. Nc3 a6 14. Rc1 d5 15.
Re1 h6 16. Be5 Be6 17. Bc2 Nc6 18. Bxg7 Kxg7 19. Bb1 Re8 20. Na4 Nxa4 21. Qxa4
Qb6 22. Bd3 Bd7 23. Be2 Re4 24. Rcd1 Rae8 25. Qc2 Bf5 26. Qd2 Qd8 27. Bf1 Qf6
28. Rxe4 Rxe4 29. Qc3 Re8 30. Rc1 Re6 31. Qb3 b5 32. Qc3 Be4 33. Rd1 Bxf3 34.
gxf3 Ne7 35. Bd3 Qxf3 36. Bc2 Qf6 37. Re1 Rxe1+ 38. Qxe1 Nc6 0-1

[Event "Quimper-Gonfreville l'Orcher II"]
[Site "Rennes"]
[Date "2008.01.19"]
[Round "5.1"]
[White "Bleunven, Andre"]
[Black "Jeanne, Mickael"]
[Result "1/2-1/2"]
[WhiteElo "2274"]
[BlackElo "2231"]
[PlyCount "94"]
[EventDate "2008.01.19"]
[SourceDate "2007.10.25"]

1. d4 e6 2. c4 Nf6 3. Nc3 d5 4. Bg5 Nbd7 5. e3 c6 6. Nf3 Be7 7. Qc2 O-O 8. Rd1
dxc4 9. Bxc4 Nd5 10. Bxe7 Qxe7 11. O-O Nxc3 12. Qxc3 b6 13. b4 Bb7 14. Be2 a5
15. a3 axb4 16. axb4 Ra4 17. Rb1 Nf6 18. Qd2 Rfa8 19. Rb2 Ra1 20. Ne5 g6 21.
Qc2 Rxf1+ 22. Bxf1 Rc8 23. Qb3 Nd7 24. Nxd7 Qxd7 25. Ra2 Rc7 26. Qa3 Qd6 27.
Qa7 c5 28. Qb8+ Kg7 29. bxc5 bxc5 30. Rc2 Be4 31. Rxc5 Rd7 32. Qxd6 Rxd6 33. f3
Bd5 34. Kf2 Rb6 35. Bb5 Rb7 36. e4 Bb3 37. d5 exd5 38. exd5 Kf6 39. Bc6 Ra7 40.
Rc3 Ba2 41. Re3 Bc4 42. f4 Ra2+ 43. Kf3 Rd2 44. Re5 h6 45. h4 h5 46. g3 Rd1 47.
Ke4 Rd2 1/2-1/2

[Event "Quimper-Gonfreville l'Orcher II"]
[Site "Rennes"]
[Date "2008.01.19"]
[Round "5.3"]
[White "Entem, Alan"]
[Black "Lefebvre, Herve"]
[Result "1-0"]
[WhiteElo "2164"]
[BlackElo "2253"]
[PlyCount "59"]
[EventDate "2008.01.19"]
[SourceDate "2007.10.25"]

1. e4 c5 2. Nf3 Nc6 3. d4 cxd4 4. Nxd4 Nf6 5. Nc3 e5 6. Ndb5 d6 7. Bg5 a6 8.
Na3 b5 9. Bxf6 gxf6 10. Nd5 f5 11. Bxb5 axb5 12. Nxb5 Ra4 13. b4 Rxb4 14. Nbc7+
Kd7 15. O-O Rg8 16. g3 Rxe4 17. Qh5 Qg5 18. Qxf7+ Be7 19. Ne6 Nd8 20. Nb6+ Kc6
21. Nxd8+ Kxb6 22. Rab1+ Kc7 23. Ne6+ Bxe6 24. Qxe6 Rd4 25. Rb7+ Kxb7 26. Qd7+
Ka6 27. Qc6+ Ka5 28. Rb1 Rb4 29. Qc7+ Kb5 30. c4+ 1-0

[Event "Quimper-Gonfreville l'Orcher II"]
[Site "Rennes"]
[Date "2008.01.19"]
[Round "5.4"]
[White "Mandon, Fabrice"]
[Black "Bollore, Jacques"]
[Result "1-0"]
[WhiteElo "2186"]
[BlackElo "2119"]
[PlyCount "63"]
[EventDate "2008.01.19"]
[SourceDate "2007.10.25"]

1. e4 c5 2. Nf3 Nc6 3. d4 cxd4 4. Nxd4 Nf6 5. Nc3 e5 6. Ndb5 d6 7. Bg5 a6 8.
Na3 b5 9. Bxf6 gxf6 10. Nd5 f5 11. c3 Bg7 12. Bd3 Be6 13. Nxb5 axb5 14. Bxb5
Bd7 15. exf5 O-O 16. Qg4 Nb8 17. Bd3 Ra4 18. Qg3 Kh8 19. O-O Rg8 20. b4 Bc6 21.
Be4 Ra3 22. Qf3 Bxd5 23. Bxd5 Qe7 24. Rfd1 Na6 25. Bb3 Rc8 26. Rac1 Bh6 27. f6
Qd7 28. Qh5 Bxc1 29. Bc2 h6 30. Rxc1 Kg8 31. Qxh6 Qg4 32. Bh7+ 1-0

[Event "Quimper-Gonfreville l'Orcher II"]
[Site "Rennes"]
[Date "2008.01.19"]
[Round "5.5"]
[White "Bodenez, Claire"]
[Black "Vaugeois, Cyrille"]
[Result "0-1"]
[WhiteElo "2042"]
[BlackElo "2182"]
[PlyCount "96"]
[EventDate "2008.01.19"]
[SourceDate "2007.10.25"]

1. e4 c5 2. Nf3 e6 3. d4 cxd4 4. Nxd4 Nf6 5. Bd3 Nc6 6. Nb3 d5 7. exd5 Nxd5 8.
a3 Qc7 9. O-O Be7 10. N1d2 b6 11. Ne4 Bb7 12. Re1 Rd8 13. Qg4 Kf8 14. Qg3 Qxg3
15. hxg3 h5 16. Bf1 Nf6 17. Bf4 Nxe4 18. Rxe4 Bf6 19. Ree1 Bxb2 20. Rad1 Ke7
21. a4 Bc3 22. Rxd8 Rxd8 23. Rb1 Kf6 24. Be2 g5 25. Bc1 h4 26. gxh4 gxh4 27.
Bf3 Kf5 28. Bb2 Bxb2 29. Rxb2 e5 30. a5 e4 31. Bh5 Ne5 32. axb6 axb6 33. Be2
Bc6 34. c3 Kf4 35. Nd4 Rb8 36. Kf1 Ra8 37. Kg1 Rb8 38. Bh5 Bd7 39. Be2 Be6 40.
Rb4 Bd7 41. Nc2 Rc8 42. g3+ hxg3 43. fxg3+ Kxg3 44. Rxe4 Rxc3 45. Ne1 Rc1 46.
Bh5 f6 47. Re3+ Kf4 48. Kf2 Rxe1 0-1

[Event "Quimper-Gonfreville l'Orcher II"]
[Site "Rennes"]
[Date "2008.01.19"]
[Round "5.6"]
[White "Charmeteau, Sven"]
[Black "Baudon, Andrew"]
[Result "1-0"]
[WhiteElo "2179"]
[BlackElo "1926"]
[PlyCount "91"]
[EventDate "2008.01.19"]
[SourceDate "2007.10.25"]

1. e4 e5 2. f4 d5 3. exd5 e4 4. Bc4 Nf6 5. Nc3 Bb4 6. Nge2 O-O 7. O-O Nbd7 8.
d3 Nb6 9. Bb3 Bc5+ 10. Kh1 exd3 11. Qxd3 Re8 12. f5 Ng4 13. Qg3 Ne3 14. Bxe3
Rxe3 15. Qf4 Qd6 16. Qg5 Bd7 17. Ng3 h6 18. Qh4 Qf8 19. Nce4 Bd6 20. f6 Bxg3
21. Nxg3 g6 22. Qf4 Rae8 23. Qxc7 h5 24. Qf4 Kh7 25. h4 Qc5 26. Rad1 Bb5 27.
Nf5 Kg8 28. Nd6 Bxf1 29. Rxf1 Re1 30. Nxe8 Rxf1+ 31. Qxf1 Qd4 32. Qe1 Nd7 33.
c3 Qf4 34. d6 Ne5 35. Bd1 Nd3 36. g3 Qf5 37. Qe3 Qf1+ 38. Kh2 Nf2 39. Bf3 Qh3+
40. Kg1 Qxg3+ 41. Kf1 Nd1 42. Qe2 Nxb2 43. d7 Qh3+ 44. Bg2 Qf5+ 45. Kg1 Qxd7
46. Qe3 1-0

[Event "Quimper-Gonfreville l'Orcher II"]
[Site "Rennes"]
[Date "2008.01.19"]
[Round "5.7"]
[White "Brient, Yoann"]
[Black "Theon, Pierre"]
[Result "0-1"]
[WhiteElo "1871"]
[BlackElo "2127"]
[PlyCount "36"]
[EventDate "2008.01.19"]
[SourceDate "2007.10.25"]

1. d4 e6 2. c4 b6 3. e4 Bb7 4. Nc3 Bb4 5. Qc2 Qh4 6. Bd3 f5 7. Nf3 Bxc3+ 8.
Qxc3 Qg4 9. O-O fxe4 10. Ne5 Qh5 11. Bc2 d6 12. Ba4+ c6 13. Bd1 Qh4 14. Ng4 Nf6
15. Nxf6+ gxf6 16. g3 Rg8 17. Kh1 Qh3 18. Bf4 Qxf1# 0-1

[Event "Quimper-Gonfreville l'Orcher II"]
[Site "Rennes"]
[Date "2008.01.19"]
[Round "5.8"]
[White "Ferry, Justine"]
[Black "Le Du, Michel"]
[Result "0-1"]
[WhiteElo "1885"]
[BlackElo "1958"]
[PlyCount "112"]
[EventDate "2008.01.19"]
[SourceDate "2007.10.25"]

1. d4 f5 2. c4 Nf6 3. Nc3 e6 4. Qc2 Be7 5. Nf3 O-O 6. g3 d6 7. Bg2 Qe8 8. O-O
Qh5 9. e4 fxe4 10. Nxe4 Nc6 11. Qd3 e5 12. d5 Nb4 13. Nxf6+ Bxf6 14. Qb3 Na6
15. Be3 b6 16. Nd2 Bg5 17. Bxg5 Qxg5 18. Qc3 Bf5 19. b4 Qg6 20. Rfe1 Qf6 21. f3
Nb8 22. Ne4 Bxe4 23. Rxe4 Nd7 24. Rae1 a5 25. a3 axb4 26. axb4 Qf5 27. Rf1 Nf6
28. Re2 Qh5 29. Qb2 Ra4 30. Qd2 Rfa8 31. f4 exf4 32. Rxf4 Rxb4 33. Re7 Rb1+ 34.
Bf1 Rba1 35. g4 Qg5 36. Qe3 h6 37. Qe6+ Kh8 38. Rf2 Qh4 39. Kg2 R1a2 40. Be2
R2a3 41. Bf3 Ra2 42. Re2 Qg5 43. Rxc7 Rxe2+ 44. Qxe2 Nh5 45. Qc2 Nf4+ 46. Kg3
Nh5+ 47. Kh3 Rf8 48. Qe4 Nf4+ 49. Kg3 Nh5+ 50. Kh3 Nf4+ 51. Kg3 Ng6 52. Kg2 Ne5
53. Be2 Qh4 54. Qe3 Qe1 55. Qe4 Qf2+ 56. Kh3 Nf3 0-1

[Event "Rennes Paul Bert-Lisieux"]
[Site "Rennes"]
[Date "2008.01.19"]
[Round "5.1"]
[White "Monroy, Charles"]
[Black "Le Borgne, Pierre"]
[Result "1-0"]
[WhiteElo "2380"]
[BlackElo "2224"]
[PlyCount "81"]
[EventDate "2008.01.19"]
[SourceDate "2007.10.25"]

1. Nf3 d6 2. d4 f5 3. g3 Nf6 4. Bg2 g6 5. O-O Bg7 6. b3 O-O 7. Bb2 Qe8 8. c4 h6
9. Qc2 g5 10. e3 f4 11. exf4 gxf4 12. Nbd2 Qh5 13. Nh4 Nc6 14. Rae1 Rf7 15. a3
Bg4 16. d5 Ne5 17. Bxe5 dxe5 18. Qg6 Qg5 19. Qxg5 hxg5 20. Nhf3 Nd7 21. Nxg5
Rf6 22. f3 Bf5 23. Nde4 Ra6 24. Ra1 Rg6 25. Bh3 Bxh3 26. Nxh3 fxg3 27. hxg3 e6
28. dxe6 Rxe6 29. Rfd1 Nf8 30. Rd3 Re7 31. Nhg5 Bh6 32. Nf6+ Kg7 33. Nge4 Rf7
34. Ng4 Re8 35. Kg2 Kg6 36. Re1 Bg7 37. Rd5 Rf5 38. Nc5 b6 39. Nd3 c6 40. Rd6+
Re6 41. Rxe6+ 1-0

[Event "Rennes Paul Bert-Lisieux"]
[Site "Rennes"]
[Date "2008.01.19"]
[Round "5.2"]
[White "Coursaget, Nicolas"]
[Black "Demanghon, Jonathan"]
[Result "1/2-1/2"]
[WhiteElo "2315"]
[BlackElo "2221"]
[PlyCount "109"]
[EventDate "2008.01.19"]
[SourceDate "2007.10.25"]

1. d4 d5 2. Nf3 Nf6 3. c4 c6 4. Nc3 dxc4 5. a4 Bf5 6. Ne5 Nbd7 7. Nxc4 Nb6 8.
Ne5 a5 9. f3 Nfd7 10. Nxd7 Nxd7 11. e4 Bg6 12. Be3 Qb6 13. Ra3 e5 14. Rb3 Bb4
15. Qd2 Qc7 16. d5 f6 17. Kf2 Nc5 18. Bxc5 Bxc5+ 19. Kg3 O-O 20. Bc4 Kh8 21.
Rd1 Rad8 22. Qe2 f5 23. h3 fxe4 24. Nxe4 Bxe4 25. fxe4 Bd4 26. Rf1 Rf4 27. Kh2
Rdf8 28. Rbf3 h6 29. b3 Qe7 30. dxc6 bxc6 31. g3 Rxf3 32. Rxf3 Rxf3 33. Qxf3
Qf6 34. Kg2 Qxf3+ 35. Kxf3 g6 36. Ke2 Kg7 37. Be6 Bc3 38. Kd3 Be1 39. Kc4 Bb4
40. Bd7 c5 41. Kd5 Kf6 42. Bc8 Ba3 43. Bd7 Bb4 44. g4 g5 45. Bb5 Ba3 46. Bc4
Bb4 47. Kd6 Ba3 48. Kd7 Bb4 49. Ke8 Ba3 50. Kf8 Bb4 51. Kg8 Kg6 52. Kh8 h5 53.
Kg8 hxg4 54. hxg4 Kf6 55. Kf8 1/2-1/2

[Event "Rennes Paul Bert-Lisieux"]
[Site "Rennes"]
[Date "2008.01.19"]
[Round "5.3"]
[White "Lecouteux, Guilhem"]
[Black "Marie, Maxime"]
[Result "0-1"]
[WhiteElo "2034"]
[BlackElo "2239"]
[PlyCount "74"]
[EventDate "2008.01.19"]
[SourceDate "2007.10.25"]

1. d4 Nf6 2. c4 e6 3. Nf3 Bb4+ 4. Bd2 a5 5. a3 Bxd2+ 6. Nbxd2 d6 7. e3 a4 8.
Bd3 O-O 9. O-O Re8 10. Bc2 Bd7 11. Ne4 Nxe4 12. Bxe4 Bc6 13. d5 exd5 14. Bxd5
Bxd5 15. cxd5 Nd7 16. Nd2 Qg5 17. e4 Nc5 18. Rc1 b6 19. Rc3 Qf6 20. Qc2 Re5 21.
Kh1 Rae8 22. f3 Rh5 23. Qd1 Qf4 24. h3 Ree5 25. Nc4 Reg5 26. Ne3 Rg3 27. Qe2
Rgxh3+ 28. gxh3 Rxh3+ 29. Kg1 Qh4 30. Ng4 Rg3+ 31. Kf2 Rxg4+ 32. Ke3 Qg5+ 33.
Kd4 Qe5+ 34. Ke3 Nxe4 35. Kd3 Nc5+ 36. Kd2 Rd4+ 37. Ke1 Nd3+ 0-1

[Event "Rennes Paul Bert-Lisieux"]
[Site "Rennes"]
[Date "2008.01.19"]
[Round "5.4"]
[White "Decosse, Jean Fabien"]
[Black "Rivet, Gilles"]
[Result "1/2-1/2"]
[WhiteElo "2239"]
[BlackElo "2101"]
[PlyCount "35"]
[EventDate "2008.01.19"]
[SourceDate "2007.10.25"]

1. d4 Nf6 2. c4 g6 3. Nc3 d5 4. Bf4 Bg7 5. e3 O-O 6. cxd5 Nxd5 7. Nxd5 Qxd5 8.
Bxc7 Nc6 9. Ne2 Bg4 10. h3 Bxe2 11. Bxe2 Qxg2 12. Bf3 Qg5 13. Qb3 Qf5 14. Bg4
Nxd4 15. Qxb7 Nc2+ 16. Ke2 Qc5 17. Rac1 Qc4+ 18. Kd2 1/2-1/2

[Event "Rennes Paul Bert-Lisieux"]
[Site "Rennes"]
[Date "2008.01.19"]
[Round "5.5"]
[White "Le Montagner, Yoann"]
[Black "Bourdonnais, Loic"]
[Result "0-1"]
[WhiteElo "2030"]
[BlackElo "2190"]
[PlyCount "152"]
[EventDate "2008.01.19"]
[SourceDate "2007.10.25"]

1. e4 d5 2. d4 dxe4 3. Nc3 Nf6 4. f3 exf3 5. Qxf3 c6 6. h3 e6 7. Bd3 Nbd7 8.
Nge2 Bd6 9. O-O Rf8 10. Bd2 Qc7 11. Rae1 b6 12. Nb5 Bh2+ 13. Kh1 Qb8 14. Qxc6
Bb7 15. Qc4 a6 16. Nbc3 b5 17. Qb3 Qc7 18. Nf4 Bg3 19. Ncd5 Nxd5 20. Nxd5 Qd6
21. Bf4 Bxf4 22. Nxf4 O-O-O 23. Be4 Bxe4 24. Rxe4 Nf6 25. Re3 Qxd4 26. c4 b4
27. Rd3 Qc5 28. a3 a5 29. axb4 Qxb4 30. Qxb4 axb4 31. Rb3 Ne4 32. Re1 Rd4 33.
Kg1 Nd2 34. Nxe6 fxe6 35. Rxb4 Re8 36. Re5 Re7 37. b3 Re4 38. Rc5+ Rc7 39. Ra5
Kd7 40. Rb6 Ke7 41. c5 Re5 42. Rbb5 Re1+ 43. Kf2 Rb1 44. b4 Ne4+ 45. Ke3 Nc3
46. Rb8 Nd5+ 47. Ke2 Rxb4 48. Rg8 Rb2+ 49. Kf3 Kf7 50. Rd8 Rc2 51. h4 R2xc5 52.
Rda8 Rc3+ 53. Kf2 Rc2+ 54. Kg3 Kg6 55. Re8 Re7 56. Rd8 Ne3 57. Ra3 Nxg2 58. Rd4
h5 59. Ra5 Ne3 60. Rg5+ Kh6 61. Rd8 Nf5+ 62. Kf4 Rc4+ 63. Ke5 Rxh4 64. Rg1 Rg4
65. Rh8+ Kg5 66. Rh1 Re4+ 67. Kxe4 Ng3+ 68. Kf3 Nxh1 69. Kg2 e5 70. Kxh1 e4 71.
Ra8 e3 72. Ra1 e2 73. Re1 Kf4 74. Kg2 Ke3 75. Ra1 Rd7 76. Rh1 Kd2 0-1

[Event "Rennes Paul Bert-Lisieux"]
[Site "Rennes"]
[Date "2008.01.19"]
[Round "5.6"]
[White "Barbini, Denis"]
[Black "Bleuzen, Erwan"]
[Result "0-1"]
[WhiteElo "2129"]
[BlackElo "2022"]
[PlyCount "138"]
[EventDate "2008.01.19"]
[SourceDate "2007.10.25"]

1. e4 c5 2. Nf3 Nc6 3. Bb5 g6 4. Bxc6 dxc6 5. O-O Bg7 6. d3 e5 7. Nbd2 Bg4 8.
h3 Be6 9. b3 f6 10. Bb2 Nh6 11. Qe2 O-O 12. Nh2 g5 13. Nc4 Qd7 14. Ne3 Rfd8 15.
Rad1 Qf7 16. Nhg4 Qg6 17. Qf3 Nf7 18. Nf5 Bf8 19. Ng3 Bg7 20. Nh5 Bxg4 21. hxg4
Rd6 22. Ng3 Rad8 23. Nf5 R6d7 24. c3 Bf8 25. d4 cxd4 26. cxd4 Bd6 27. d5 cxd5
28. Rxd5 Bf8 29. Rfd1 Rxd5 30. Rxd5 Rxd5 31. exd5 Nd6 32. g3 Nxf5 33. gxf5 Qf7
34. Kg2 Qd7 35. Qd3 Kg7 36. g4 h5 37. gxh5 Kh6 38. Bc1 Bc5 39. Be3 Bxe3 40.
fxe3 Kxh5 41. e4 Kh6 42. d6 Kg7 43. Qd5 a6 44. Qe6 Qb5 45. Qe7+ Kg8 46. Qd8+
Kg7 47. Qc7+ Kh6 48. Qc4 Qa5 49. b4 Qa4 50. Qd5 Qc2+ 51. Kf1 g4 52. Qg8 Qd1+
53. Kf2 Qd2+ 54. Kf1 Kh5 55. d7 Qf4+ 56. Kg1 g3 57. Qg6+ Kh4 58. Qxf6+ Kg4 59.
Qh4+ Kxh4 60. d8=Q+ Kh3 61. Qh8+ Kg4 62. Qg8+ Kf3 63. Qb3+ Kxe4 64. Qc2+ Kd4
65. Qc5+ Kd3 66. Qd5+ Ke2 67. Qg2+ Ke1 68. f6 Qf2+ 69. Kh1 Qf1+ 0-1

[Event "Rennes Paul Bert-Lisieux"]
[Site "Rennes"]
[Date "2008.01.19"]
[Round "5.7"]
[White "Favarel, Camille"]
[Black "Blanche, Paul"]
[Result "0-1"]
[WhiteElo "2098"]
[BlackElo "2109"]
[PlyCount "48"]
[EventDate "2008.01.19"]
[SourceDate "2007.10.25"]

1. d4 d5 2. c4 e6 3. Nc3 Nf6 4. Nf3 Nbd7 5. Bf4 c6 6. e3 Be7 7. Bd3 O-O 8. O-O
Nh5 9. c5 g6 10. Qc2 Re8 11. g4 Nxf4 12. exf4 Nf8 13. Nd1 Qc7 14. Qd2 e5 15.
fxe5 Bxg4 16. Be2 f6 17. e6 Nxe6 18. Ne3 Bxf3 19. Bxf3 Qf4 20. Bg2 Nxd4 21.
Rac1 Bd8 22. Rfd1 Nf3+ 23. Bxf3 Qxf3 24. Rc3 Ba5 0-1

[Event "Rennes Paul Bert-Lisieux"]
[Site "Rennes"]
[Date "2008.01.19"]
[Round "5.8"]
[White "Nadin, Stephanie"]
[Black "Le Bail, Clara"]
[Result "0-1"]
[WhiteElo "1799"]
[BlackElo "2035"]
[PlyCount "36"]
[EventDate "2008.01.19"]
[SourceDate "2007.10.25"]

1. d4 d5 2. c4 c6 3. Nf3 Nf6 4. Nc3 dxc4 5. a4 Bf5 6. e3 e6 7. Bxc4 Bb4 8. O-O
O-O 9. h3 Nbd7 10. Qb3 Qe7 11. Na2 Bd6 12. Bd2 a5 13. Bd3 Ne4 14. Be1 Ndc5 15.
dxc5 Nxc5 16. Qc3 Bxd3 17. b4 axb4 18. Nxb4 Bxf1 0-1

[Event "Gif sur Yvette-Cergy Pontoise"]
[Site "Gif sur Yvette"]
[Date "2008.01.19"]
[Round "5.1"]
[White "Spraggett, Kevin"]
[Black "Bernard, Christophe"]
[Result "1-0"]
[WhiteElo "2588"]
[BlackElo "2364"]
[PlyCount "101"]
[EventDate "2008.01.19"]
[SourceDate "2007.10.25"]

1. e4 c5 2. Nf3 d6 3. d4 cxd4 4. Nxd4 Nf6 5. Nc3 Nc6 6. Bg5 e6 7. Qd2 a6 8.
O-O-O Bd7 9. f3 Be7 10. Be3 Nxd4 11. Bxd4 Bc6 12. g4 O-O 13. h4 b5 14. g5 Nd7
15. Qg2 b4 16. Ne2 a5 17. Kb1 b3 18. cxb3 a4 19. b4 a3 20. b3 Qb8 21. Bc3 Rc8
22. g6 fxg6 23. h5 g5 24. h6 g6 25. Qg4 Nf8 26. Qg1 Bd7 27. Bh3 Qb5 28. Qe3
Rab8 29. Rc1 e5 30. Bxd7 Nxd7 31. Bd2 d5 32. Rxc8+ Rxc8 33. Nc3 d4 34. Qxd4
exd4 35. Nxb5 Ne5 36. Nxd4 Rd8 37. Bc3 Nxf3 38. Nxf3 Rd3 39. Ne5 Rxc3 40. Rc1
Bxb4 41. Rxc3 Bxc3 42. Ng4 Kf7 43. Kc2 Bb4 44. Kd3 Ke6 45. Kc4 Bf8 46. b4 Kd6
47. b5 Ke6 48. b6 Bd6 49. e5 Bb8 50. Kc5 Kf5 51. Kd5 1-0

[Event "Gif sur Yvette-Cergy Pontoise"]
[Site "Gif sur Yvette"]
[Date "2008.01.19"]
[Round "5.2"]
[White "Yacob, Francois"]
[Black "Dubois, Jean Marie"]
[Result "1-0"]
[WhiteElo "2174"]
[BlackElo "2280"]
[PlyCount "113"]
[EventDate "2008.01.19"]
[SourceDate "2007.10.25"]

1. e4 Nf6 2. e5 Nd5 3. d4 d6 4. c4 Nb6 5. Nf3 g6 6. Be2 Bg7 7. exd6 cxd6 8. O-O
O-O 9. Be3 Nc6 10. Qd2 Bg4 11. Na3 d5 12. c5 Nc8 13. Rac1 e6 14. h3 Bxf3 15.
Bxf3 a6 16. b4 N8e7 17. Nc2 Nf5 18. a4 Nxe3 19. fxe3 Bh6 20. Rb1 Ne7 21. Qc3
Qc7 22. e4 dxe4 23. Bxe4 Rfd8 24. b5 axb5 25. Rxb5 Ra7 26. Qb3 Nd5 27. Rb1 Qd7
28. a5 Bd2 29. Bxd5 exd5 30. Rxb7 Rxb7 31. Qxb7 Bxa5 32. Qxd7 Rxd7 33. Rb5 Bc3
34. Kf2 Re7 35. c6 Rc7 36. Rc5 Bd2 37. Ke2 Bf4 38. Nb4 Bd6 39. Nxd5 Bxc5 40.
Nxc7 Bxd4 41. Nb5 Bb6 42. c7 Bxc7 43. Nxc7 f6 44. Ke3 Kf7 45. Ke4 Ke7 46. Kd5
h6 47. Ne6 Kf7 48. Kd6 Ke8 49. Nd4 Kf7 50. Nc6 h5 51. Nd8+ Kg7 52. Ke6 h4 53.
Nc6 Kh6 54. Kxf6 Kh5 55. Ne5 g5 56. Kf5 g4 57. hxg4+ 1-0

[Event "Gif sur Yvette-Cergy Pontoise"]
[Site "Gif sur Yvette"]
[Date "2008.01.19"]
[Round "5.3"]
[White "Seret, Jean Luc"]
[Black "Marcantoni, Herve"]
[Result "1-0"]
[WhiteElo "2380"]
[BlackElo "2211"]
[PlyCount "85"]
[EventDate "2008.01.19"]
[SourceDate "2007.10.25"]

1. e4 c5 2. Nf3 a6 3. g3 g6 4. Bg2 Bg7 5. O-O Nc6 6. c3 e5 7. d4 exd4 8. cxd4
cxd4 9. Bg5 Nge7 10. Re1 d6 11. Na3 O-O 12. Qd2 Bg4 13. Bh6 d5 14. Bxg7 Kxg7
15. e5 Nf5 16. Nc2 Bxf3 17. Bxf3 Re8 18. Bg2 Nxe5 19. Nxd4 Nxd4 20. Qxd4 Qf6
21. Kf1 Re7 22. Re3 Rae8 23. Rae1 Nc6 24. Qxf6+ Kxf6 25. Rxe7 Rxe7 26. Bxd5
Rxe1+ 27. Kxe1 Nd8 28. f4 Ke7 29. Kd2 Kd6 30. Bb3 f6 31. Ke3 Nc6 32. Bg8 h6 33.
Bf7 Ne7 34. Ke4 g5 35. Kf3 Nc6 36. Be8 Ke6 37. Bxc6 bxc6 38. Kg4 Kf7 39. Kf5 a5
40. a4 gxf4 41. gxf4 c5 42. b3 h5 43. h4 1-0